Eastern Utah Libraries Catalog: Duchesne, Heber, Roosevelt, & Vernal

Superhero kindergarten, Superpower sleepover (Record no. 377326)

MARC details
000 -LEADER
fixed length control field 03692cgm a2200865 i 4500
001 - CONTROL NUMBER
control field on1333224323
003 - CONTROL NUMBER IDENTIFIER
control field OCoLC
005 - DATE AND TIME OF LATEST TRANSACTION
control field 20231229124722.0
007 - PHYSICAL DESCRIPTION FIXED FIELD--GENERAL INFORMATION
fixed length control field vd cvaizq
008 - FIXED-LENGTH DATA ELEMENTS--GENERAL INFORMATION
fixed length control field 220627p20222021txu100 j vaeng d
024 1# - OTHER STANDARD IDENTIFIER
Standard number or code 843501011096
028 42 - PUBLISHER NUMBER
Publisher number 101109
Source NCircle Entertainment
035 ## - SYSTEM CONTROL NUMBER
System control number (OCoLC)1333224323
037 ## - SOURCE OF ACQUISITION
Source of stock number/acquisition Midwest Tape
Note http://www.midwesttapes.com
040 ## - CATALOGING SOURCE
Original cataloging agency TEFMT
Language of cataloging eng
Description conventions rda
Transcribing agency TEFMT
Modifying agency TEF
-- OCLCQ
-- TEFMT
-- SDG
-- OCLCF
-- GO6
-- INO
-- WACOL
041 0# - LANGUAGE CODE
Language code of text/sound track or separate title eng
Language code of original and/or intermediate translations of text eng
046 ## - SPECIAL CODED DATES
Beginning or single date created 2021
Source of date edtf
049 ## - LOCAL HOLDINGS (OCLC)
Holding library WACL
050 #4 - LIBRARY OF CONGRESS CALL NUMBER
Classification number PN1992.77
Item number .S87 2022
082 04 - DEWEY DECIMAL CLASSIFICATION NUMBER
Classification number 791.45/75
Edition number 23/eng/20220629
092 ## - LOCALLY ASSIGNED DEWEY CALL NUMBER (OCLC)
Classification number dvd
Item number Super
245 00 - TITLE STATEMENT
Title Superhero kindergarten, Superpower sleepover
246 30 - VARYING FORM OF TITLE
Title proper/short title Superpower sleepover
246 1# - VARYING FORM OF TITLE
Display text At head of title:
Title proper/short title Stan Lee's
257 ## - COUNTRY OF PRODUCING ENTITY FOR ARCHIVAL FILMS
Country of producing entity United States
264 #1 - Production, Publication, Distribution, Manufacture, and Copyright Notice.
Place of production, publication, distribution, manufacture Dallas, TX :
Name of producer, publisher, distributor, manufacturer NCircle Entertainment,
Date of production, publication, distribution, manufacture, or copyr [2022]
300 ## - PHYSICAL DESCRIPTION
Extent 1 videodisc (100 min.) :
Other physical details sound, color ;
Dimensions 4 3/4 in.
336 ## - Content Type
Content type term two-dimensional moving image
337 ## - Media type
Media type term video
338 ## - Carrier type
Carrier type term videodisc
500 ## - GENERAL NOTE
General note Title from container.
500 ## - GENERAL NOTE
General note Originally broadcast as single episodes of a television program in 2021.
500 ## - GENERAL NOTE
General note Wide screen.
505 00 - FORMATTED CONTENTS NOTE
Title Call me Hugzilla --
-- One dark night --
-- The experiment --
-- Sleeping duty.
511 0# - PARTICIPANT OR PERFORMER NOTE
Participant or performer note Voices: Arnold Schwarzenegger, Shelley Longworth, Penelope Rawlins, Rae Lim, Nneka Okoye, Jules de Jongh, Shash Hira, Dan Russell, Desiree Burch.
520 ## - SUMMARY, ETC.
Summary, etc From legendary producer Stan Lee comes the tale of an (undercover) superhero teacher Mr. Armstrong, who is called on to train six extraordinary kindergarten students to use their superhero powers for good.
521 ## - TARGET AUDIENCE NOTE
Target audience note childrens dvd
Source micromarketing
538 ## - SYSTEM DETAILS NOTE
System details note DVD, wide screen; surround.
546 ## - LANGUAGE NOTE
Language note English dialogue; English subtitles for the deaf and hard of hearing (SDH).
650 #0 - SUBJECT ADDED ENTRY--TOPICAL TERM
Topical term or geographic name as entry element Superheroes
Form subdivision Juvenile drama.
9 (RLIN) 5756204
650 #0 - SUBJECT ADDED ENTRY--TOPICAL TERM
Topical term or geographic name as entry element Kindergarten
Form subdivision Juvenile drama.
9 (RLIN) 6455164
650 #1 - SUBJECT ADDED ENTRY--TOPICAL TERM
Topical term or geographic name as entry element Superheroes
Form subdivision Drama.
9 (RLIN) 5674285
650 #1 - SUBJECT ADDED ENTRY--TOPICAL TERM
Topical term or geographic name as entry element Kindergarten
Form subdivision Drama.
9 (RLIN) 6455165
650 #7 - SUBJECT ADDED ENTRY--TOPICAL TERM
Topical term or geographic name as entry element Kindergarten.
Source of heading or term fast
650 #7 - SUBJECT ADDED ENTRY--TOPICAL TERM
Topical term or geographic name as entry element Superheroes.
Source of heading or term fast
655 #7 - INDEX TERM--GENRE/FORM
Genre/form data or focus term Animated television programs.
Source of term fast
655 #7 - INDEX TERM--GENRE/FORM
Genre/form data or focus term Children's films.
Source of term fast
655 #7 - INDEX TERM--GENRE/FORM
Genre/form data or focus term Children's television programs.
Source of term fast
655 #7 - INDEX TERM--GENRE/FORM
Genre/form data or focus term Drama.
Source of term fast
655 #7 - INDEX TERM--GENRE/FORM
Genre/form data or focus term Fiction television programs.
Source of term fast
9 (RLIN) 5673656
655 #7 - INDEX TERM--GENRE/FORM
Genre/form data or focus term Juvenile works.
Source of term fast
9 (RLIN) 5673941
655 #7 - INDEX TERM--GENRE/FORM
Genre/form data or focus term Superhero television programs.
Source of term fast
655 #7 - INDEX TERM--GENRE/FORM
Genre/form data or focus term Television series.
Source of term fast
655 #7 - INDEX TERM--GENRE/FORM
Genre/form data or focus term Video recordings for the hearing impaired.
Source of term fast
655 #7 - INDEX TERM--GENRE/FORM
Genre/form data or focus term Superhero television programs.
Source of term lcgft
655 #7 - INDEX TERM--GENRE/FORM
Genre/form data or focus term Children's television programs.
Source of term lcgft
655 #7 - INDEX TERM--GENRE/FORM
Genre/form data or focus term Animated television programs.
Source of term lcgft
655 #7 - INDEX TERM--GENRE/FORM
Genre/form data or focus term Fiction television programs.
Source of term lcgft
9 (RLIN) 5673656
655 #7 - INDEX TERM--GENRE/FORM
Genre/form data or focus term Television series.
Source of term lcgft
655 #7 - INDEX TERM--GENRE/FORM
Genre/form data or focus term Video recordings for the hearing impaired.
Source of term lcgft
700 1# - ADDED ENTRY--PERSONAL NAME
Personal name Lee, Stan,
Dates associated with a name 1922-2018,
Relator term creator.
9 (RLIN) 5806547
700 1# - ADDED ENTRY--PERSONAL NAME
Personal name Schwarzenegger, Arnold,
Relator term creator,
-- voice actor.
700 1# - ADDED ENTRY--PERSONAL NAME
Personal name Heyward, Andy,
Relator term creator.
9 (RLIN) 45608
700 1# - ADDED ENTRY--PERSONAL NAME
Personal name Nicieza, Fabian,
Relator term creator.
9 (RLIN) 6455166
700 1# - ADDED ENTRY--PERSONAL NAME
Personal name Longworth, Shelley,
Relator term voice actor.
9 (RLIN) 6455167
700 1# - ADDED ENTRY--PERSONAL NAME
Personal name Rawlins, Penelope,
Relator term voice actor.
9 (RLIN) 5944713
700 1# - ADDED ENTRY--PERSONAL NAME
Personal name Lim, Rae,
Relator term voice actor.
9 (RLIN) 6455168
700 1# - ADDED ENTRY--PERSONAL NAME
Personal name Okoye, Nneka,
Relator term voice actor.
9 (RLIN) 6455169
700 1# - ADDED ENTRY--PERSONAL NAME
Personal name Jongh, Jules de,
Relator term voice actor.
9 (RLIN) 5903779
700 1# - ADDED ENTRY--PERSONAL NAME
Personal name Hira, Shash,
Relator term voice actor.
9 (RLIN) 6455170
700 1# - ADDED ENTRY--PERSONAL NAME
Personal name Russell, Dan
Titles and other words associated with a name (Voice actor),
Relator term voice actor.
9 (RLIN) 6455171
700 1# - ADDED ENTRY--PERSONAL NAME
Personal name Burch, Desiree,
Relator term voice actor.
9 (RLIN) 6455172
710 2# - ADDED ENTRY--CORPORATE NAME
Corporate name or jurisdiction name as entry element NCircle Entertainment,
Relator term publisher.
9 (RLIN) 5731175
942 ## - ADDED ENTRY ELEMENTS (KOHA)
Source of classification or shelving scheme Dewey Decimal Classification
Koha item type DVD
Holdings
Withdrawn status Lost status Source of classification or shelving scheme Damaged status Not for loan Collection code Home library Current library Shelving location Date acquired Source of acquisition Total Checkouts Total Renewals Full call number Barcode Date last seen Date checked out Cost, replacement price Price effective from Koha item type
    Dewey Decimal Classification     Children Movies Wasatch County Library Wasatch County Library Audio Visual Area 09/21/2022 Micromarketing 6 11 E DVD Super 34301001864018 12/03/2025 09/22/2025 9.99 09/21/2022 DVD
This project was made possible through a grant from the Institute of Museum and Library Service administered by the Utah State Library Division.

Wasatch County Library

  • 465 East 1200 South, Heber City, Utah 84032
  • Phone 435-654-1511 | Fax 435-654-6456

Hours

  • Monday - Friday 9:30 AM - 8:00 PM
  • Saturday 9:30 AM - 1:30 PM
  • Closed Sundays and Holidays